000
00324nam a2200145Ia 4500
005
20251222152704.0
008
251222s9999||||xx |||||||||||||| ||spa||
020
_a
9788439726333
082
_a
813.54/D74
100
_a
Didion, Joan
245
0
_a
Noches Azules
250
_a
1ra. ed.
264
_b
Mondadori
942
_c
LIB
999
_c
28928
_d
28928